El mundo en guerra : (Registro nro. 6370)
[ vista simple ]
| 000 -LEADER | |
|---|---|
| fixed length control field | 01295nam a2200289Ia 4500 |
| 003 - CONTROL NUMBER IDENTIFIER | |
| control field | OSt |
| 005 - DATE AND TIME OF LATEST TRANSACTION | |
| control field | 20200825150311.0 |
| 008 - FIXED-LENGTH DATA ELEMENTS--GENERAL INFORMATION | |
| fixed length control field | 191128s2003 sp ad gr 000 0 spa d |
| 020 ## - INTERNATIONAL STANDARD BOOK NUMBER | |
| International Standard Book Number | 8478273034 |
| 040 ## - CATALOGING SOURCE | |
| Original cataloging agency | Co-JMCR |
| Transcribing agency | Co-JMCR |
| 041 0# - LANGUAGE CODE | |
| Language code of text/sound track or separate title | spa |
| 082 04 - DEWEY DECIMAL CLASSIFICATION NUMBER | |
| Classification number | 370.11 / |
| Item number | L925m |
| Edition number | 23 |
| 100 1# - MAIN ENTRY--PERSONAL NAME | |
| Personal name | López Rodriguez, Francesc, |
| Relator term | Compilador |
| 9 (RLIN) | 9222 |
| 245 13 - TITLE STATEMENT | |
| Title | El mundo en guerra : |
| Remainder of title | la educación para la paz / |
| Statement of responsibility, etc. | Francesc López Rodriguez, Sussana Aránega |
| 250 ## - EDITION STATEMENT | |
| Edition statement | 1a. edición |
| 260 ## - PUBLICATION, DISTRIBUTION, ETC. | |
| Place of publication, distribution, etc. | Barcelona : |
| Name of publisher, distributor, etc. | Graó, |
| Date of publication, distribution, etc. | 2003. |
| 300 ## - PHYSICAL DESCRIPTION | |
| Extent | 196 páginas : |
| Other physical details | ilustraciones, diagramas, gráficos a blanco y negro ; |
| Dimensions | 24 cm. |
| 490 ## - SERIES STATEMENT | |
| Series statement | Temas transversales ; |
| Volume/sequential designation | 184. |
| 500 ## - GENERAL NOTE | |
| General note | Incluye datos biográficos de los compiladores en solapa frontal, Incluye subtitulo : Propuesta y actividades (3-12 años) |
| 504 ## - BIBLIOGRAPHY, ETC. NOTE | |
| Bibliography, etc. note | Bibliografía : páginas 183. |
| 505 0# - FORMATTED CONTENTS NOTE | |
| Formatted contents note | Educar para el conflicto -- Un viaje al centro de la guerra -- Las guerras del siglo xx y la didáctica de las ciencias sociales -- La educación para el desarrollo, una propuesta para la solidaridad -- ¿Por qué educar desde la solidaridad? |
| 650 24 - SUBJECT ADDED ENTRY--TOPICAL TERM | |
| Topical term or geographic name entry element | La guerra |
| 9 (RLIN) | 9223 |
| 650 24 - SUBJECT ADDED ENTRY--TOPICAL TERM | |
| Topical term or geographic name entry element | Educación Actividades |
| 9 (RLIN) | 9224 |
| 650 24 - SUBJECT ADDED ENTRY--TOPICAL TERM | |
| Topical term or geographic name entry element | Educación |
| 9 (RLIN) | 9225 |
| 700 ## - ADDED ENTRY--PERSONAL NAME | |
| Personal name | Aránega, Sussana, |
| Relator term | compiladora |
| 9 (RLIN) | 9226 |
| 942 ## - ADDED ENTRY ELEMENTS (KOHA) | |
| Source of classification or shelving scheme | Dewey Decimal Classification |
| Koha item type | Books |
| Withdrawn status | Lost status | Source of classification or shelving scheme | Materials specified (bound volume or other part) | Damaged status | Not for loan | Home library | Current library | Shelving location | Date acquired | Source of acquisition | Full call number | Barcode | Date last seen | Copy number | Price effective from | Koha item type |
|---|---|---|---|---|---|---|---|---|---|---|---|---|---|---|---|---|
| Dewey Decimal Classification | Donación--15/04/2018-- | Biblioteca Pública José María del Castillo y Rada | Biblioteca Pública José María del Castillo y Rada | General Stacks | 11/28/2019 | Donación | 370.11 / L925m | 430013228 | 05/16/2024 | Ej.1 | 11/28/2019 | Books |